000
00271nam a2200121Ia 4500
005
20251222144747.0
008
251222s9999||||xx |||||||||||||| ||spa||
020
_a
0-06-080971-X
082
_a
818.6/G48
100
_a
"Gipson, Fred"
245
0
_a
Old yeller
942
_c
LIB
999
_c
19188
_d
19188